| 000 | 00546cam a22001932a 4500 | ||
|---|---|---|---|
| 001 | 001914 | ||
| 003 | AR-FADEU | ||
| 008 | 311216n1966####xxu####################dd | ||
| 092 |
_a301 _bP267s |
||
| 100 | _aParsons, Talcott | ||
| 245 | _aEl sistema social | ||
| 260 | _aMadrid | ||
| 260 | _bRevista de occidente | ||
| 260 | _c1966 | ||
| 300 | _a569 p | ||
| 440 | _aBiblioteca de polĂtica y sociologĂa | ||
| 650 | _aESTRUCTURA SOCIAL; SISTEMA SOCIAL-CONDUCTA DESVIADA; IDEOLOGIA; SISTEMA RELIGIOSO; SIMBOLO; SOCIALIZACION | ||
| 942 | _cBDGR | ||
| 999 |
_c7750 _d7750 |
||